00482 2200193 4500001002100000005001500021008004100036020002200077035001900099041000700118082000800125090001400133100002000147245002800167260003100195300003000226500001100256650002100267INLIS00000000000331520241224112711241224||||||||| | ||| |||| || |  a978-979-709-351-8 0010-1224003315 aid0 a818 a818 MOC m0 aM. Cholil Bisri00aMenuju Ketenangan Batin aJakartabBuku Kompasc2008 ax, 238 hlm.: ilus.; 20 cm aCet. 2 0aIlmu Kesusatraan